Statistics for Every Christopher Cross song that hit the Billboard hot 100

Click here to take the quiz!

General Stats

  • This quiz has been taken 15 times
  • The average score is 5 of 10

Answer Stats

Peak Chart PositionYearSong% Correct
11980Sailing
100%
11981Arthur's Theme (Best That You Can Do)
92%
21980Ride Like The Wind
69%
91984Think Of Laura
62%
121983All Right
46%
151980Never Be The Same
46%
201981Say You'll Be Mine
38%
331983No Time For Talk
23%
761984A Chance For Heaven
15%
681985Charm The Snake
8%

Score Distribution

Percentile by Number Answered

Percent of People with Each Score

Your Score History

You have not taken this quiz